000 00419nam a2200181Ia 4500
005 20250423101536.0
008 250422s9999 xx 000 0 und d
020 _a0263154548
050 _aPS 3572 .I38 .M38/
100 _aMatthews, Jessica
245 0 _aToo close for comfort
260 _aRichmond
260 _bMills & Boon
260 _c1998
300 _a285 p
650 _aMedical Romance
942 _cBK
999 _c36594
_d36594